000 00706nam a2200205Ii 4500
003 JO-AjNU
008 230605s9999||||xx |||||||||||||| ||und||
040 _aJO-AjNU
_bara
_erda
_cJO-AjNU
041 _aara
050 1 4 _aBP173.3.K422 1982
100 3 _aالخطيب، عبد الغني,
_eauthor
_914121
245 0 0 _aالطفل المثالي في الإسلام: نشأته- رعايته- أحكامه
250 _aط2
264 3 1 _aبيروت: المكتب الإسلامي، 1982
300 _a150ص
336 _atext
_btxt
_2rdacontent
337 _aunmediated
_bn
_2rdamedia
338 _avolume
_bnc
_2rdacarrier
650 4 _aالاطفال في الاسلام- تربية اسلامية
_914122
999 _aA3691
_c7259
_d7259